Pleistocene geology of Kansas / (Record no. 28708)

MARC details
000 -LEADER
fixed length control field 01243cam a22003131a 4500
001 - CONTROL NUMBER
control field gs 53000067
003 - CONTROL NUMBER IDENTIFIER
control field DLC
005 - DATE AND TIME OF LATEST TRANSACTION
control field 20260227111359.0
008 - FIXED-LENGTH DATA ELEMENTS--GENERAL INFORMATION
fixed length control field 761214s1952 ksuabf 001 0 eng
010 ## - LIBRARY OF CONGRESS CONTROL NUMBER
LC control number gs 53000067
035 ## - SYSTEM CONTROL NUMBER
System control number (OCoLC)2622514
040 ## - CATALOGING SOURCE
Original cataloging agency DLC
Transcribing agency AzFU
Modifying agency AzFU
-- OCoLC
-- DLC
042 ## - AUTHENTICATION CODE
Authentication code premarc
050 00 - LIBRARY OF CONGRESS CALL NUMBER
Classification number QE113
Item number .A2 no. 99
082 ## - DEWEY DECIMAL CLASSIFICATION NUMBER
Classification number 551.79
100 1# - MAIN ENTRY--PERSONAL NAME
Personal name Frye, John Chapman,
Dates associated with a name 1912-
245 10 - TITLE STATEMENT
Title Pleistocene geology of Kansas /
Statement of responsibility, etc. John C. Frye and A. Byron Leonard.
260 ## - PUBLICATION, DISTRIBUTION, ETC.
Place of publication, distribution, etc. Lawrence :
Name of publisher, distributor, etc. Kansas State Geological Survey,
Date of publication, distribution, etc. 1952.
300 ## - PHYSICAL DESCRIPTION
Extent 230 p., 19 leaves of plates :
Other physical details ill., diagrs. (1 fold. in pocket), maps (1 col. fold. in pocket) ;
Dimensions 23 cm.
490 1# - SERIES STATEMENT
Series statement Bulletin - State Geological Survey of Kansas ;
Volume/sequential designation no. 99
500 ## - GENERAL NOTE
General note "University of Kansas publications."
500 ## - GENERAL NOTE
General note Includes index.
501 ## - WITH NOTE
With note With : Ground-water resources of Pawnee Valley, Kansas / by V. C. Fishel, 1952. Bound together subsequent to publication.
Institution to which field applies DLC
504 ## - BIBLIOGRAPHY, ETC. NOTE
Bibliography, etc. note Bibliography: p. 210-223.
650 #0 - SUBJECT ADDED ENTRY--TOPICAL TERM
Topical term or geographic name entry element Geology
Geographic subdivision Kansas.
650 #0 - SUBJECT ADDED ENTRY--TOPICAL TERM
Topical term or geographic name entry element Geology, Stratigraphic
Chronological subdivision Pleistocene.
700 1# - ADDED ENTRY--PERSONAL NAME
Personal name Leonard, A. Byron
Fuller form of name (Arthur Byron),
Dates associated with a name 1904-
Relator term joint author.
810 2# - SERIES ADDED ENTRY--CORPORATE NAME
Corporate name or jurisdiction name as entry element Kansas Geological Survey.
Title of a work Bulletin ;
Volume/sequential designation no. 99.

No items available.

Powered by Koha